000 00636nam a2200241Ia 4500
003 OSt
005 20221005122434.0
006 a|||||r|||| 00| 0
007 ta
008 221004b |||||||| |||| 00| 0 mal d
024 _a58490
037 _cTextual
040 _aCRL
_cCRL
_bmal
041 _2mal
_amal
082 _aQ6:332xN20w, 32M0
100 _aMoozhoor Fr. Z. M. Au.
_9631991
245 0 _aJohn Paul Maarpappa
260 _c1980
650 _a RELIGION
650 _aMALAYALAM LITERATURE
_938866
942 _hQ6:332xN20w, 32M0
_cTEXL
_2cc
999 _c1044299
_d1044299